| 000 | 01172cam a2200217 4500 | ||
|---|---|---|---|
| 001 | ABS65769 | ||
| 008 | 020723n2002 000 0 eng u | ||
| 035 | _a(Sirsi) u119005 | ||
| 100 | _aColby, A | ||
| 245 | _aElectronic points of view | ||
| 260 | _c2002 | ||
| 490 |
_aEstates Gazette _v(0227) 6 July 2002, 133(1) |
||
| 520 | _aFollowing the publication of the Land Registry's consultation paper on e-conveyancing, article explains how the proposals will affect the property industry and encourages agents and surveyors to respond. Briefly discusses issues relating to the introduction of sellers' packs and access to the electronic conveyancing network, and questions how e-conveyancing will impact on practitioners' work. Concludes that the best e-conveyancing system will be one created with the full support of the property industry. Consultation deadline is 30 August 2002. Consultation paper available at www.e-conveyancing.gov.uk | ||
| 590 | _aABS | ||
| 650 | _aPROPERTY INDUSTRY | ||
| 650 | _aPROPERTY TRANSACTIONS | ||
| 650 | _aHM LAND REGISTRY | ||
| 650 | _aHOME INFORMATION PACKS | ||
| 690 | _aPROPERTY AND LAND LAW-CONVEYANCING | ||
| 942 | _n0 | ||
| 999 |
_c70799 _d70799 |
||